| 000 | 00653nam a22001937a 4500 | ||
|---|---|---|---|
| 999 |
_c15029 _d15029 |
||
| 003 | AR-CdUCM | ||
| 008 | 190425b ||||| |||| 00| 0 spa d | ||
| 020 | _a978-84-683-0983-5 | ||
| 040 |
_aMUNICIPALIDAD PROVINCIAL DEL CUSCO _cBIBLIOTECA MUNICIPAL DEL CUSCO |
||
| 082 |
_aPI / 803 / _bE23 |
||
| 100 |
_aPowell, Richard _934039 |
||
| 245 | _aMi barco pirata / | ||
| 260 |
_aBarcelona : _bEdebe, _c2013. |
||
| 300 |
_a3 paginas ; _bIlustraciones, _c18 cm. _eLibro de baño+títeres de dedo+cañón con disparador de agua +diana |
||
| 650 |
_aLibro infantil _924758 |
||
| 650 |
_aLibro-baño _934040 |
||
| 942 |
_2ddc _cLIBROS |
||
| 945 |
_arjall _d2019-04-25 |
||